[Event "XII Americas Continental-ch 2017"]
[Site "Medellin"]
[Date "2017.06.13"]
[Round "5"]
[White "Iturrizaga Bonelli, Eduardo"]
[Black "Mekhitarian, Krikor Sevag"]
[Result "1/2-1/2"]
[WhiteElo "2663"]
[BlackElo "2542"]
[Annotator "TA"]
[PlyCount "81"]
[EventDate "2017.??.??"]
[EventType "swiss"]
[EventCountry "COL"]
[SourceTitle "playchess.com"]
[Source "ChessBase"]
[SourceQuality "1"]

{[%evp 20,81,-48,-39,-49,-35,0,0,6,0,0,0,0,0,18,0,1,-5,0,0,0,0,0,0,0,0,18,0,21,0,11,0,0,0,0,0,0,0,0,0,0,0,0,0,0,0,0,0,0,0,0,0,0,0,0,0,0,0,0,0,0,0,0,0]} 1. Nf3 c5 2. c4 Nf6 3. g3 d5 4. Bg2 Nc6 5. O-O d4 6. e3 e5 7. exd4 exd4 8. Re1+ Be7 9. d3 O-O 10. Ne5 Nxe5 11. Rxe5 Bd6 {A09: Réti Opening: 1 Nf3 d5 2 c4} 12. Re1 h6 (12... Bg4 $5 {[%cal Rg4d1]} 13. Bf3 Qc8 $15) 13. Nd2 {[#] The position is equal.} Rb8 $146 (13... Bg4 $5 {[%cal Rg4d1]} 14. Bf3 Bxf3 15. Qxf3 Qd7 $15) ({Predecessor:} 13... Bg4 14. Bf3 Bxf3 15. Qxf3 Re8 16. Ne4 Nxe4 17. Rxe4 Rxe4 {½-½ (17) Gurevich,M (2596)-Kaidanov,G (2586) Rockville 2012}) 14. Ne4 Nxe4 15. Bxe4 Qd7 16. Bd2 b6 17. Qf3 Qg4 18. Qg2 Bf5 19. Bxf5 Qxf5 20. Re4 Rfe8 21. Rae1 Rxe4 22. Rxe4 h5 23. b3 (23. b4 $5) 23... a5 24. a4 Rd8 25. h4 Kf8 26. Bf4 Bxf4 27. Qf3 Re8 $1 28. Rxf4 $11 {[%mdl 4096] Endgame KQR-KQR} Qh3 $1 {[%cal Re8e1] [#]} 29. Re4 Rxe4 30. Qxe4 {KQ-KQ} g6 31. Qe5 (31. Qc6 {feels hotter.} Qe6 32. Qb7 Kg7 33. Qc7 Qf6 34. Qb7) 31... Qe6 32. Qxe6 fxe6 {KP-KP} 33. Kg2 e5 34. Kf3 Kf7 35. Ke4 Ke6 36. f3 Kd6 37. g4 {[#] Hoping for gxh5.} Ke6 {...g5 is the strong threat.} 38. gxh5 gxh5 39. f4 exf4 40. Kxf4 Kf6 41. Ke4 {Precision: White = 55%, Black = 58%.} 1/2-1/2

[Event "XII Americas Continental-ch 2017"]
[Site "Medellin"]
[Date "2017.06.13"]
[Round "5"]
[White "Cordova, Emilio"]
[Black "Ynojosa Aponte, Felix Jose"]
[Result "1/2-1/2"]
[WhiteElo "2651"]
[BlackElo "2395"]
[Annotator "TA"]
[PlyCount "119"]
[EventDate "2017.??.??"]
[EventType "swiss"]
[EventCountry "COL"]
[SourceTitle "playchess.com"]
[Source "ChessBase"]
[SourceQuality "1"]

{[%evp 10,119,12,15,13,0,0,0,14,12,12,0,23,24,24,-14,-14,-10,6,0,0,0,0,0,189,57,53,61,74,72,72,72,73,65,70,60,63,75,49,66,59,24,33,0,0,0,0,0,0,0,4,0,0,0,29,-22,23,20,23,27,24,23,29,18,12,11,12,10,12,15,18,0,0,-5,-5,-18,-8,-11,0,0,0,0,0,0,0,0,0,0,-19,-51,-52,-73,-29,-39,-8,-8,-8,-12,0,-22,0,0,0,0,0,0,0,0,-19,-44,0,0]} 1. Nf3 c5 2. e3 Nf6 3. d4 e6 4. Bd3 d5 5. b3 Nc6 6. Bb2 b6 {D05: Colle System with ...e6} (6... Bd6 7. O-O O-O 8. Nbd2 b6 9. dxc5 Bxc5 10. c4 dxc4 11. Nxc4 Bb7 12. Qe2 Qe7 13. Ng5 Rfd8 14. Bxf6 Qxf6 15. Bxh7+ Kf8 16. Ne4 {0-1 (39) Wojtaszek,R (2749)-Ganguly,S (2668) Doha 2016}) 7. Nbd2 Bb7 8. O-O Bd6 9. Re1 O-O 10. e4 (10. dxc5 {is interesting.} Bxc5 11. a3 a5 12. Qe2 Rc8 13. c4) 10... dxe4 11. Nxe4 cxd4 12. Nxd6 Qxd6 13. Nxd4 {[#]} Rad8 $146 ({Predecessor:} 13... Rfd8 14. Nxe6 fxe6 15. Bxf6 gxf6 16. Qg4+ {½-½ (27) Finegold,B (2539)-Kaidanov,G (2577) Saint Louis 2010}) 14. Nb5 Qf4 {[#] aiming for ...Ng4.} 15. g3 (15. Bxf6 Qxf6 16. Qh5 g6 $17) 15... Qg5 16. Ba3 $36 {[%mdl 2048] Black is under pressure.} g6 $2 (16... Ne5 $2 17. f4 $18) (16... Qd5 $11 17. Bc4 (17. Bxf8 Ne5 $11) 17... Qf5) 17. h4 (17. Bxf8 $18 Kxf8 18. Qf3) 17... Qd5 $14 18. Bc4 $1 {[%cal Rc4d5]} (18. Bxf8 Ne5 $17) 18... Qf5 {[#]} 19. Nd6 $1 {[%cal Rd6f5]} Rxd6 20. Qxd6 {[%csl Ga3][%cal Rd6f8]} (20. Bxd6 $2 {perishes.} Rd8 $17) 20... Rd8 21. Qf4 Qxf4 22. gxf4 {And now Red1 would win.} Nd4 $1 23. Red1 $1 Nh5 24. f3 Bxf3 ({Don't go for} 24... Nxf4 $2 25. Kf2 $18) 25. Be7 Rd7 26. Bb5 Bxd1 27. Bxd7 Bxc2 28. Bd6 Nxf4 29. Bxf4 Ne2+ 30. Kh2 Nxf4 $11 {[%mdl 4096] Endgame KRB-KBN} 31. Rc1 Be4 32. Rc8+ Kg7 33. Rc7 a5 34. Be8 Kf6 35. Rxf7+ Ke5 36. Rxh7 g5 $1 37. Rh6 gxh4 $1 38. Rxh4 Ne2 39. Rh5+ Bf5 40. Ba4 Nc3 41. Rh8 b5 ({Much weaker is} 41... Nxa2 42. Rb8 $16) 42. Bxb5 Nxb5 43. Ra8 Kf4 44. Rxa5 Nd4 45. b4 $1 Kf3 46. Kg1 $1 Bd3 47. a4 Nc6 48. Rh5 Nxb4 49. Rh3+ Ke2 {Threatens to win with ...e5.} 50. Rh4 Na6 {next ...e5 is good for Black.} 51. Kg2 e5 52. Kg3 Ke3 53. a5 e4 {...Bc4 is the strong threat.} 54. Rh8 Kd2 {White must now prevent ...e3.} 55. Rh2+ Kc3 56. Kf4 Nb4 57. Rh6 Kd4 (57... e3 $5 58. Kxe3 Bb5 $11) 58. Rd6+ Nd5+ 59. Kg3 $1 Kc5 (59... Ke5 $5 {[%cal Re5d6]} 60. Rc6 Ne7 $17) 60. Rh6 {Precision: White = 68%, Black = 70%.} 1/2-1/2

[Event "XII Americas Continental-ch 2017"]
[Site "Medellin"]
[Date "2017.06.13"]
[Round "5"]
[White "Bruzon Batista, Lazaro"]
[Black "Vasquez Schroeder, Rodrigo"]
[Result "1-0"]
[WhiteElo "2650"]
[BlackElo "2553"]
[Annotator "TA"]
[PlyCount "64"]
[EventDate "2017.??.??"]
[EventType "swiss"]
[EventCountry "COL"]
[SourceTitle "playchess.com"]
[Source "ChessBase"]
[SourceQuality "1"]

{[%evp 19,64,14,14,0,14,9,20,16,15,19,15,11,53,38,41,40,39,16,11,-28,0,0,27,27,34,27,55,58,73,54,96,97,129,133,116,94,222,212,435,428,643,628,739,735,839,845,1161]} 1. e4 c5 2. Nf3 d6 3. c3 Nf6 4. h3 g6 5. Bd3 Bg7 6. Bc2 Nc6 7. d4 cxd4 8. cxd4 d5 9. e5 Ne4 10. O-O O-O {LiveBook: 62 Games} 11. Be3 {B50: Sicilian: 2...d6, Miscellaneous} Bf5 $146 ({Predecessor:} 11... f6 12. exf6 exf6 13. Nc3 Nxc3 14. bxc3 Be6 15. Re1 Qd7 16. Nh2 Bf5 17. Ba4 a6 18. Ng4 b5 {½-½ (55) Andreikin,D (2737)-Lobanov,S (2429) Tallinn 2016}) 12. Nh4 Be6 13. Nd2 {The position is equal.} Nxd2 14. Qxd2 Qa5 {[#] ...Qxd2 is the strong threat.} 15. Qd1 f5 16. f4 Bd7 17. g4 e6 18. Ng2 Rac8 19. Bd2 Qb6 {Strongly threatening ...fxg4.} (19... Qa6 $5 {[%cal Rc6d4]} 20. Bc3 b5 $15) 20. Bc3 Na5 21. Kh2 Nc4 22. Rb1 Qc7 23. Bd3 Rf7 24. Rf3 Qd8 25. Rg3 Be8 26. Qe2 Kh8 27. Rg1 Na5 (27... Bh6 $16 {was called for.}) 28. gxf5 $18 gxf5 $2 (28... exf5 29. h4 Bf8) 29. Ne3 {White is clearly winning.} Nc6 (29... b6 $142 30. Qg2 Rcc7 31. Bxf5 exf5) 30. Qg2 {[%cal Rg3g7]} Rcc7 {[#]} 31. Bxf5 $1 {[%mdl 512]} exf5 32. Nxd5 Qxd5 {Precision: White = 79%, Black = 16%.} 1-0

[Event "XII Americas Continental-ch 2017"]
[Site "Medellin"]
[Date "2017.06.13"]
[Round "5"]
[White "Kovalyov, Anton"]
[Black "Gonzalez Acosta, Bernal"]
[Result "1-0"]
[WhiteElo "2643"]
[BlackElo "2494"]
[Annotator "TA"]
[PlyCount "69"]
[EventDate "2017.??.??"]
[EventType "swiss"]
[EventCountry "COL"]
[SourceTitle "playchess.com"]
[Source "ChessBase"]
[SourceQuality "1"]

{[%evp 15,69,26,38,39,41,29,49,30,37,14,42,38,44,46,39,36,37,39,34,8,31,29,35,41,64,67,20,35,130,118,135,113,215,202,272,263,257,148,343,185,179,190,154,151,592,564,580,552,29955,5924,5647,4480,29987,29988,29990,29991]} 1. c4 c6 2. d4 d5 3. Nf3 Nf6 4. e3 Bf5 5. Nc3 e6 6. Nh4 Be4 7. f3 Bg6 8. Qb3 Qc7 9. Bd2 {D12: Slav Defence: 3 Nf3 Nf6 4 e3 Bf5} Be7 (9... a6 10. Rc1 dxc4 11. Bxc4 Nbd7 12. a4 Be7 13. g3 Bh5 14. O-O O-O 15. Ng2 Rad8 16. Nf4 Kh8 {½-½ (34) So,W (2822)-Caruana,F (2817) chess.com INT 2017}) 10. g3 a6 11. Rc1 {White is slightly better.} dxc4 12. Qxc4 b5 (12... Bh5 {feels hotter.} 13. Qe2 c5 14. b4 b6 15. bxc5 bxc5 16. Na4 Ne4) 13. Qe2 Nbd7 14. Nxg6 hxg6 15. f4 $146 ({Predecessor:} 15. e4 Qa7 16. Be3 c5 {½-½ (49) Rojas Keim,L (2437)-Handke,F (2494) Collado Villalba 2010}) 15... Rd8 16. Bg2 c5 17. e4 {With the idea e5.} Qb8 18. d5 e5 19. b3 Nh5 {[%cal Re5f4]} 20. O-O c4 21. Be3 exf4 (21... Rc8 $14) 22. gxf4 $16 b4 23. Na4 (23. Qxc4 bxc3 24. Rxc3 g5 $1 $17 {[%mdl 512]}) 23... g5 {[#]} (23... c3 $16) 24. e5 $1 $18 {And now d6 would win.} (24. bxc4 Nxf4 25. Bxf4 gxf4 $14) (24. fxg5 $2 Qxh2+ 25. Kxh2 Nf4+ 26. Kg3 Nxe2+ 27. Kf2 Nxc1 $19) (24. Rxc4 Nxf4 25. Bxf4 gxf4 $15) 24... gxf4 25. Bd4 c3 26. Bf3 $36 {[%mdl 2048] White is really pushing.} ({White should play} 26. d6 $18) 26... Nf8 $2 (26... Qb5 $16 {keeps fighting.}) 27. Bxh5 (27. d6 $142) 27... Rxd5 28. Rxf4 g6 {White must now prevent ...Ne6.} 29. Qc4 ({Not} 29. Qxa6 Rxh5 30. Nb6 Rd8 $11) 29... Ne6 $2 (29... Qb5 $16 30. Be2 Qxc4 31. Bxc4 (31. bxc4 Ra5 $11) 31... Ne6 32. Bxd5 Nxf4) 30. Qc6+ ({Less strong is} 30. Qxd5 Nxf4 31. Qc6+ Kf8 $16) 30... Rd7 {[#]} 31. Rxf7 $1 Rxh5 32. Qxe6 {Nc5 would kill now.} Rg5+ 33. Kf2 {White wants to mate with Nc5.} Qd8 34. Rf4 {[%csl Gf4][%cal Re6f7]} Rc7 35. Nb6 {Precision: White = 81%, Black = 24%.} 1-0

[Event "XII Americas Continental-ch 2017"]
[Site "Medellin"]
[Date "2017.06.13"]
[Round "5"]
[White "Delgado Ramirez, Neuris"]
[Black "Erenburg, Sergey"]
[Result "1-0"]
[WhiteElo "2613"]
[BlackElo "2550"]
[Annotator "TA"]
[PlyCount "157"]
[EventDate "2017.??.??"]
[EventType "swiss"]
[EventCountry "COL"]
[SourceTitle "playchess.com"]
[Source "ChessBase"]
[SourceQuality "1"]

{[%evp 17,157,25,40,32,30,23,27,30,45,18,48,40,35,14,34,19,47,37,45,0,16,13,17,10,61,47,70,69,70,61,67,73,72,56,91,56,56,56,56,52,68,74,125,135,155,146,145,122,139,125,128,118,162,154,138,106,128,0,149,134,161,77,92,0,99,103,129,117,88,88,89,88,88,88,88,88,91,91,91,91,87,72,76,72,72,72,72,72,72,72,72,72,72,78,79,75,78,79,86,79,170,170,1921,1815,5285,5214,4850,3354,4939,4939,3180,2424,2445,2133,29974,29975,29978,29979,29979,29980,29980,29981,29981,29982,29981,29982,29982,29983,29983,29984,29984,29984,29986,29987,29987,29988,29988,29989,29989,29990,29990,29991]} 1. e4 c6 2. d4 d5 3. exd5 cxd5 4. Bd3 Nc6 5. c3 Qc7 6. Ne2 Bg4 7. O-O {B13: Caro-Kann: Exchange Variation and Panov-Botvinnik Attack} e6 8. Qe1 Bxe2 9. Qxe2 Bd6 {LiveBook: 7 Games} 10. g3 Nf6 11. Nd2 O-O 12. Nf3 (12. f4 Rae8 13. Nf3 Nd7 14. Bd2 f5 {1-0 (34) Yu,Y (2729)-Dreev,A (2652) Doha 2016}) 12... Rfe8 13. Be3 $146 ({Predecessor:} 13. Bg5 Nd7 14. Rad1 a6 {½-½ (36) Jarmula,L (2466)-Svane,R (2552) Germany 2016}) 13... g6 14. Rad1 a6 15. a3 b5 16. Rfe1 (16. Bg5 $5 {[%cal Rg5f6]} Nd7 17. Qc2 $14) 16... Na5 17. Bg5 Nd7 18. Ne5 Nc4 {[%cal Rd6e5]} 19. Ng4 f5 20. Ne3 Nxe3 (20... Kg7 $11) 21. Qxe3 $14 Nb6 22. Qf3 Nc4 23. Re2 Qf7 24. Rde1 Rac8 25. h4 Bf8 26. Kg2 h5 27. Qf4 Kh7 28. f3 Bd6 29. Qc1 Rc6 ({Black should try} 29... Qd7) 30. g4 $1 $16 Bb8 (30... hxg4 31. fxg4 e5 32. gxf5 $14) 31. gxh5 gxh5 32. Kh3 Rg8 33. Rg1 Rg7 34. Qe1 Nb6 35. f4 Nc4 36. Reg2 Rc8 37. Re2 Rc6 $1 38. Rg3 Rg8 39. Kg2 (39. Qd1 $18 {is more deadly.}) 39... Rg6 40. Kh3 ({Better is} 40. Kh1 $16) 40... Nd6 (40... Rg8 $1 $11) 41. Rg1 Ne4 42. Reg2 Rc8 43. Be2 Nf6 44. Bxf6 Rxg2 45. Rxg2 Qxf6 46. Qf2 Rg8 {[#]} 47. Rg5 $1 (47. Bxh5 $6 Rxg2 48. Kxg2 Qh6 $11) 47... Rxg5 48. hxg5 Qh8 49. Qh4 Kg6 50. Kg3 Qh7 51. Kf2 Qh8 52. Ke3 Qh7 53. Kd2 Qh8 54. Kc2 Qh7 55. b4 Bd6 56. Kb3 Qh8 57. a4 bxa4+ 58. Kxa4 Kg7 (58... Bc7 $16) 59. Kb3 $18 ({Stronger than} 59. Qxh5 Qxh5 60. Bxh5 Bxf4 $11) ({Don't do} 59. Bxh5 $6 Qh7 $16) 59... Qb8 $2 (59... Kf7 60. Bxa6 (60. Bxh5+ Kf8 $16) 60... Kg6) 60. Qxh5 Qh8 61. Qxh8+ Kxh8 62. Bxa6 Bxf4 {[%mdl 4096] Endgame KB-KB} 63. Bc8 e5 {[#]} 64. dxe5 $1 Kg7 65. Bxf5 Bxg5 66. Be6 {White mates.} Bf4 67. Bxd5 Bxe5 68. c4 {[%cal Bc3c4,Bc4c5][%mdl 32]} Kf6 69. c5 Ke7 70. b5 {[%cal Bb4b5,Bb5b6][%mdl 32]} Bd4 71. Kc4 Bf2 72. b6 Kd8 73. Kb5 Kc8 74. Be6+ Kb8 75. c6 Bg3 76. Bf5 Bf4 77. Kc4 Bg3 78. Kd5 Bf4 79. Ke6 {Precision: White = 65%, Black = 42%.} 1-0

[Event "XII Americas Continental-ch 2017"]
[Site "Medellin"]
[Date "2017.06.13"]
[Round "5"]
[White "Pichot, Alan"]
[Black "Umetsubo, Cesar Hidemitsu"]
[Result "1-0"]
[WhiteElo "2577"]
[BlackElo "2381"]
[Annotator "TA"]
[PlyCount "61"]
[EventDate "2017.??.??"]
[EventType "swiss"]
[EventCountry "COL"]
[SourceTitle "playchess.com"]
[Source "ChessBase"]
[SourceQuality "1"]

{[%evp 25,60,16,33,2,35,24,39,0,0,8,205,10,16,0,7,0,153,0,588,416,29991,29992,29992,29990,29993,29994,29994,29995,29995,29996,29996,29997,29997,29998,29998,29999,29999]} 1. e4 e5 2. Nf3 Nf6 3. Nxe5 d6 4. Nf3 Nxe4 5. d4 d5 6. Bd3 Nc6 7. O-O Be7 8. c4 Nb4 9. Be2 O-O 10. Nc3 Bf5 11. a3 Nxc3 12. bxc3 Nc6 13. Re1 Re8 14. Ra2 {C42: Petroff Defence: 3 Nxe5 and unusual White 3rd moves} dxc4 (14... Na5 15. cxd5 Qxd5 16. Rb2 c6 17. Ne5 Bxa3 18. Bf3 Qd6 19. Rbe2 Bxc1 20. Qxc1 Be6 21. Be4 Rad8 {1-0 (37) Nakamura,H (2787)-Akobian,V (2615) Saint Louis 2016}) 15. Bxc4 Na5 16. Bxf7+ $146 {White is slightly better.} ({Predecessor:} 16. Bd3 Bxd3 17. Qxd3 Bf6 18. Rae2 Rxe2 19. Qxe2 Qd7 20. Bf4 c6 21. Ne5 Bxe5 22. Qxe5 {½-½ (44) Melia,S (2422)-Turova,I (2379) St Petersburg 2009}) 16... Kxf7 17. Rae2 {next Re5 is good for White.} Bd7 $2 (17... Bg6 $11) 18. Re5 $2 ({Avoid the trap} 18. Ne5+ $2 Kg8 $19) (18. Qc2 $1 $18 {[%cal Rc2a2]} Nc6 19. Qxh7) 18... Nc6 $11 {aiming for ...Kg8.} 19. Qb3+ Kf8 20. a4 {Hoping for Rxe7!} h6 $2 (20... g5 $1 $11) 21. R1e4 $2 $40 {[%mdl 128] White is up to no good.} ({White must play} 21. Rh5 $1 $16 {[%cal Rh5h6] Intending Rxh6! and mate.} g5 22. Rxh6) 21... a5 $2 {[%mdl 8192]} (21... g5 $11 22. h4 Bf6 23. Rxe8+ Bxe8) 22. Ba3 g6 {[#]} ({Inferior is} 22... g5 23. Rxg5 $1 {[%mdl 512]} hxg5 24. Nxg5 Ne5 25. Rxe5 Be6 26. Nxe6+ Kf7 27. Nxd8+ Kg7 28. Qf7+ Kh8 29. Rh5#) (22... Bxa3 $18 23. Rf4+ Qf6 24. Qxa3+ Ne7 25. Rxf6+ gxf6) 23. Rf4+ $1 {White mates.} Bf5 24. Rexf5+ gxf5 25. Rxf5+ Kg7 26. Rf7+ Kg6 27. Qe6+ Bf6 28. Nh4+ Kh5 29. Qf5+ Bg5 30. Qf3+ Kxh4 31. Qh3# {Precision: White = 48%, Black = 20%.} 1-0

[Event "XII Americas Continental-ch 2017"]
[Site "Medellin"]
[Date "2017.06.13"]
[Round "5"]
[White "Peralta, Fernando"]
[Black "Cori Quispe, Kevin Joel"]
[Result "1/2-1/2"]
[WhiteElo "2569"]
[BlackElo "2390"]
[Annotator "TA"]
[PlyCount "100"]
[EventDate "2017.??.??"]
[EventType "swiss"]
[EventCountry "COL"]
[SourceTitle "playchess.com"]
[Source "ChessBase"]
[SourceQuality "1"]

{[%evp 10,100,22,25,26,31,50,52,68,64,81,77,89,93,110,101,124,56,66,66,65,58,89,76,83,83,84,67,74,68,64,65,76,67,110,118,152,134,133,117,152,84,81,72,71,73,95,91,113,29,40,29,54,49,124,7,7,7,8,7,7,7,7,7,7,7,7,7,11,5,6,2,6,0,15,0,8,8,8,8,10,0,0,0,0,-8,-8,-8,-8,-8,-8,-8,-8]} 1. d4 Nf6 2. c4 e6 3. Nf3 Bb4+ 4. Nbd2 O-O 5. a3 Be7 6. e4 d6 {E11: Bogo-Indian} 7. Be2 c5 8. d5 e5 {White is slightly better.} 9. Qc2 g6 10. Nf1 $146 ({Predecessor:} 10. Nb1 Nh5 11. Nc3 Nd7 12. Bh6 Ng7 13. g4 Nf6 14. h3 {1-0 (33) Ponomariov,R (2711)-Rubio Mejia,L (2458) Linares 2015}) 10... Nh5 11. Bh6 Ng7 12. h4 Nd7 13. h5 (13. Ne3 $16) 13... Nf6 14. hxg6 fxg6 15. Ne3 Qa5+ 16. Kf1 Ng4 17. Nxg4 Bxg4 18. Qd2 Qxd2 19. Nxd2 Bd7 20. g3 a6 21. Kg2 b5 22. b4 Rfc8 23. Rhc1 Ne8 24. Be3 Rab8 25. Rab1 (25. bxc5 $142 dxc5 26. f4) 25... cxb4 $16 26. axb4 {Hoping for c5.} bxc4 27. Nxc4 Bb5 28. Bf1 Bd8 29. f4 (29. Na5 $16) 29... exf4 $11 30. gxf4 Rb7 31. Kf3 Re7 (31... h5 $14) 32. Bd4 (32. Nd2 $16 Rb8 33. Bxb5 axb5 34. Rc6) 32... Rec7 {[%cal Rb5c4] The position is equal.} 33. Bb6 Rxc4 34. Bxc4 Bxb6 35. Bxb5 Rxc1 36. Rxc1 axb5 37. Rc8 Kf7 38. Rb8 Bd4 39. Rxb5 {[#] And now Rb7+ would win.} Nf6 $1 40. Ra5 Ke7 41. b5 h6 42. Ra4 (42. Ra6 $5 {[%cal Rb5b6]} Nd7 43. e5 dxe5 44. fxe5 $11 (44. Rxg6 Nf6 $11)) 42... Bc5 43. Ra6 Nd7 44. e5 g5 45. exd6+ Bxd6 46. fxg5 hxg5 47. b6 Kf6 48. b7 Ke5 49. Kg4 Kxd5 50. Kxg5 Nb8 {Precision: White = 57%, Black = 42%.} 1/2-1/2

[Event "XII Americas Continental-ch 2017"]
[Site "Medellin"]
[Date "2017.06.13"]
[Round "5"]
[White "Cruz, Cristhian"]
[Black "Fier, Alexandr"]
[Result "1/2-1/2"]
[WhiteElo "2558"]
[BlackElo "2576"]
[Annotator "TA"]
[PlyCount "53"]
[EventDate "2017.??.??"]
[EventType "swiss"]
[EventCountry "COL"]
[SourceTitle "playchess.com"]
[Source "ChessBase"]
[SourceQuality "1"]

{[%evp 19,53,-6,0,0,0,-30,-25,-29,-28,-22,-40,-33,-27,-63,-29,-44,-42,-50,-15,-8,-4,-13,0,-6,0,-16,0,0,0,0,0,0,0,0,0,0]} 1. d4 Nf6 2. c4 e6 3. Nc3 Bb4 4. e3 O-O 5. Bd3 c5 6. Nge2 cxd4 7. exd4 d5 8. cxd5 Nxd5 9. O-O Nc6 10. Be4 Nf6 11. Bf3 {E48: Nimzo-Indian: Rubinstein: 5 Bd3 d5 including 6 Ne2, but excluding 6 a3} h6 12. Qa4 (12. a3 Bd6 13. b4 e5 14. Bxc6 bxc6 15. dxe5 Bxe5 16. Bf4 Bxf4 17. Nxf4 a5 {½-½ (17) Aleksandrov,A (2639)-Kasimdzhanov,R (2702) Lugo 2009}) 12... Bd6 $146 ({Predecessor:} 12... Qa5 13. Qxa5 Nxa5 14. Bf4 Bd7 15. d5 exd5 16. Rfd1 Rfe8 17. b3 Rac8 18. Na4 b5 {0-1 (40) Drzemicki,D (2355)-Panczyk,K (2415) Slupsk 1992}) 13. Bxc6 {Black has an edge.} bxc6 14. Bf4 Bxf4 15. Nxf4 Qb6 16. b3 Bb7 17. Nd3 Ba6 18. Rfd1 Bxd3 (18... Bb5 $5 19. Qb4 Bxd3 20. Qxb6 axb6 21. Rxd3 Rfd8 $15) 19. Rxd3 {The position is equal.} Rfd8 20. Qc4 Rd6 21. Rad1 Rad8 22. h3 Nd5 23. Ne4 R6d7 24. Nc5 Rd6 25. Ne4 R6d7 26. Nc5 Rd6 27. Ne4 {Precision: White = 55%, Black = 66%.} 1/2-1/2

[Event "XII Americas Continental-ch 2017"]
[Site "Medellin"]
[Date "2017.06.13"]
[Round "5"]
[White "Bacallao Alonso, Yusnel"]
[Black "Henao, Bernardo Andres"]
[Result "1/2-1/2"]
[WhiteElo "2554"]
[BlackElo "2059"]
[Annotator "TA"]
[PlyCount "112"]
[EventDate "2017.??.??"]
[EventType "swiss"]
[EventCountry "COL"]
[SourceTitle "playchess.com"]
[Source "ChessBase"]
[SourceQuality "1"]

{[%evp 19,112,33,23,0,27,35,46,43,31,4,11,15,25,0,0,0,0,-29,29,32,46,4,15,8,18,3,16,0,64,57,81,83,143,143,143,143,135,95,95,95,97,100,104,75,85,65,88,83,121,121,121,121,121,121,143,143,200,147,150,150,162,105,105,105,105,99,105,0,0,0,0,0,0,0,0,0,0,0,0,0,0,0,0,0,0,0,0,0,0,0,0,0,0,0,0]} 1. b3 Nf6 2. Bb2 d5 3. Nf3 Bf5 4. e3 e6 5. c4 c6 6. Nc3 Nbd7 7. d4 Bd6 8. Bd3 Bg6 9. O-O O-O 10. Bxg6 {D12: Slav Defence: 3 Nf3 Nf6 4 e3 Bf5} (10. Qc2 Re8 11. Bxg6 hxg6 12. e4 Nxe4 13. Nxe4 dxe4 14. Qxe4 Qa5 15. Rfe1 Rad8 16. Qh4 Qh5 17. Qxh5 gxh5 {0-1 (72) Suleymanli,A (2356)-Volkov,S (2617) Nakhchivan 2017}) 10... hxg6 {LiveBook: 3 Games} 11. Qd3 e5 $146 (11... Re8 {is interesting.} 12. Rab1 e5 13. Qd1 e4 14. Ng5 Qe7) ({Predecessor:} 11... Re8 12. e4 dxe4 13. Nxe4 Nxe4 14. Qxe4 Nf6 15. Qc2 Nh5 16. Rfe1 Rc8 17. Rad1 Rc7 {1-0 (46) Skoberne,R (2083)-Zorat,P (1900) Nova Gorica 2005}) 12. cxd5 {White has an edge.} cxd5 {[#] ...e4 is the strong threat.} 13. dxe5 Nxe5 14. Qd1 Nxf3+ 15. Qxf3 Be5 16. Rfd1 Qa5 17. Rac1 Rad8 18. a3 d4 (18... Ne4 $142 19. b4 Qa6) 19. b4 $11 Qa6 20. Ne2 {[%cal Rb2d4]} d3 21. Nd4 Rc8 22. b5 Qa4 {Hoping for ...Rxc1.} 23. Rb1 Bxd4 (23... Qc4 $1 $11) 24. Bxd4 $14 Qxa3 25. Qxb7 Ra8 (25... Rc2 $142) 26. Qa6 $16 Qxa6 27. bxa6 Rfb8 28. f3 Rxb1 29. Rxb1 {[%mdl 4096] Endgame KRB-KRN} Nd5 30. Kf2 Rc8 31. Rd1 ({Inferior is} 31. Bxa7 Rc2+ 32. Kg3 Nc3 $17) 31... Rc2+ 32. Kg3 Nb4 33. Bxa7 d2 34. e4 ({Don't go for} 34. Ra1 $2 Rc1 $19) 34... Nxa6 35. Be3 Nc5 36. Rxd2 Rxd2 37. Bxd2 {KB-KN} f5 (37... f6 $16 38. h4 Kf7) 38. exf5 gxf5 39. Kf4 g6 40. Kg5 ({Better is} 40. h4 $18) 40... Kf7 41. Kh6 Ne6 42. Bc3 Nf4 {[#]} 43. g3 ({Only move:} 43. g4 $1 $16) 43... Ne2 $1 $11 {[%cal Re2c3] The position is equal.} 44. Bb2 {aiming for Kg5.} Ng1 45. f4 (45. h3 $5) 45... Nf3 46. h3 (46. Be5 $5) 46... Ng1 47. Bd4 Nxh3 48. Be3 Kf6 49. Bb6 Kf7 50. Bd4 g5 51. fxg5 (51. Kh5 $5 {[%cal Rf4g5]} Nxf4+ 52. gxf4 gxf4 53. Bh8 $11) 51... f4 52. g6+ Kg8 53. Kh5 fxg3 54. Kg4 g2 55. Kxh3 g1=Q 56. Bxg1 {Bd4 would kill now.} Kg7 {Precision: White = 64%, Black = 67%.} 1/2-1/2